Historical Foreign-Born Population Quiz Stats

 Plays Quiz Updated Oct 3, 2018

Score 0/170 Timer 05:00
1 Play Today
Year Country % Correct
1920United Kingdom w/Ireland
98.2%
1910United Kingdom w/Ireland
98.2%
1900United Kingdom w/Ireland
98.2%
1890*United Kingdom w/Ireland
98.2%
1880United Kingdom w/Ireland
98.2%
1870United Kingdom w/Ireland
98.2%
1860United Kingdom w/Ireland
98.2%
1850United Kingdom w/Ireland
98.2%
2010Mexico
98.1%
2000Mexico
98.1%
1990Mexico
98.1%
1980Mexico
98.1%
1970Mexico
98.1%
1960Mexico
98.1%
1950Mexico
98.1%
1940Mexico
98.1%
1930Mexico
98.1%
1920Mexico
98.1%
1910Mexico
98.1%
1860Mexico
98.1%
1850Mexico
98.1%
1880Mexico
97.9%
1950United Kingdom
97.5%
1940United Kingdom
97.5%
1910Russian Empire w/Poland
97.3%
1900Russian Empire w/Poland
97.3%
2010China
97%
2000China
97%
1990China
97%
1860China
97%
1980East or West Germany
96.9%
1970East or West Germany
96.9%
1960East or West Germany
96.9%
1950East or West Germany
96.9%
1870German states
96.9%
1860German states
96.9%
1850German states
96.9%
2000Germany
96.9%
1990Germany
96.9%
1940Greater German Reich
96.9%
1930German Reich
96.9%
1920German Reich
96.9%
1910German Empire
96.9%
1900German Empire
96.9%
1890*German Empire
96.9%
1880German Empire
96.9%
1890*China
96.6%
1880China
96.6%
1980Soviet Union
96.1%
1970Soviet Union
96.1%
1960Soviet Union
96.1%
1950Soviet Union
96.1%
1940Soviet Union
96.1%
1930Soviet Union
96.1%
1920Russia
96%
1890*Russian Empire w/Poland
95.3%
1890*Italy
95%
Year Country % Correct
1990Italy
94.8%
1980Italy
94.8%
1970Italy
94.8%
1960Italy
94.8%
1950Italy
94.8%
1940Italy
94.8%
1930Italy
94.8%
1920Italy
94.8%
1910Italy
94.8%
1900Italy
94.8%
1850Italian states
94.8%
1870France
94.5%
1860France
94.5%
1850France
94.5%
1870Mexico
94.4%
1880Russian Empire w/Poland
93.9%
1940√Čire
93.1%
1970Ireland
93.1%
1960Ireland
93.1%
1950Ireland
93.1%
1930Ireland
93.1%
1880France
92.8%
1990United Kingdom
92.8%
1980United Kingdom
92.8%
1970United Kingdom
92.8%
1960United Kingdom
92.8%
1930United Kingdom
92.8%
1900Mexico
91.7%
1850Spain
91.6%
1890*France
91.4%
1870China
90.8%
2010India
90.8%
2000India
90.8%
2000Canada
90.4%
1990Canada
90.4%
1980Canada
90.4%
1970Canada
90.4%
1960Canada
90.4%
1950Canada
90.4%
1940Canada
90.4%
1930Canada
90.4%
1920Canada
90.4%
1910Canada
90.4%
1900Canada
90.4%
1890*Canada
90.4%
1880Canada
90.4%
1870Canada
90.4%
1860British Canada
90.4%
1850British Canada
90.4%
1980Poland
87.7%
1970Poland
87.6%
1960Poland
87.6%
1950Poland
87.6%
1940Poland
87.6%
1930Poland
87.6%
1920Poland
87.6%
1900Sweden w/ Norway
84.7%
Year Country % Correct
1890*Sweden w/ Norway
84.7%
1880Sweden w/ Norway
84.7%
1870Sweden w/ Norway
84.2%
1860Sweden w/ Norway
84.2%
1850Sweden w/ Norway
84.2%
1950Sweden
82.2%
1940Sweden
82.2%
1930Sweden
82.2%
1920Sweden
82.2%
1910Sweden
82.2%
2010Cuba
79.1%
2000Cuba
79.1%
1990Cuba
79.1%
1980Cuba
79.1%
1970Cuba
79.1%
1900Austria-Hungary
79.1%
1860Austria-Hungary
79.1%
1870Austria-Hungary
79%
1910Norway
78.9%
1890*Austria-Hungary
78.8%
2010North or South Korea
77.2%
2000North or South Korea
77.2%
1990North or South Korea
77.2%
1980North or South Korea
77.2%
2010Vietnam
76.1%
2000Vietnam
76.1%
1990Vietnam
76.1%
1870Netherlands
71.6%
1880Netherlands
71.5%
1890*Denmark
70.9%
1970Austria
70.5%
1960Austria
70.5%
1920Austria
70.5%
1910Austria
70.5%
1860Netherlands
68%
1850Netherlands
68%
1900Denmark
67.4%
2010Philippines
63.3%
2000Philippines
63.3%
1990Philippines
63.3%
1980Philippines
63.3%
2010Guatemala
62.1%
1960Hungary
59.8%
1920Hungary
59.8%
1910Hungary
59.8%
1870Switzerland
58.3%
1900Switzerland
54.5%
1880Switzerland
53.7%
1860Switzerland
53.7%
1850Switzerland
53.7%
1940Bohemia, Moravia, and Slovakia
52.8%
1950Czechoslovakia
52.8%
1930Czechoslovakia
52.8%
2010Dominican Republic
50.3%
2010El Salvador
49.1%
2000El Salvador
49.1%

You're not logged in!

Compare scores with friends on all Sporcle quizzes.
OR
Log In

Sporcle TV

Today on Sporcle TV


Watch our educational content, quiz creation guides, and fun videos on Sporcle TV.

Show Comments

Extras

Top Quizzes Today


Score Distribution

Your Account Isn't Verified!

In order to create a playlist on Sporcle, you need to verify the email address you used during registration. Go to your Sporcle Settings to finish the process.

Report this User

Report this user for behavior that violates our Community Guidelines.

Details: